Statistics for St. Louis Blues Greatest All-Time Roster

Click here to take the quiz!

General Stats

  • This quiz has been taken 30 times
  • The average score is 10 of 20

Answer Stats

HintAnswer% Correct
Right WingBrett Hull
92%
Right WingVladimir Tarasenko
88%
DefensemanChris Pronger
81%
DefensemanAl MacInnis
73%
CenterBernie Federko
73%
DefensemanAlex Pietrangelo
69%
GoaltenderCurtis Joseph
65%
Left WingKeith Tkachuk
58%
GoaltenderMike Liut
50%
CenterDavid Backes
46%
Left WingDavid Perron
42%
CenterAlexander Steen
38%
DefensemanBarclay Plager
38%
DefensemanBarret Jackman
35%
Left WingBrian Sutter
31%
Left WingPavol Demitra
31%
Right WingT.J. Oshie
31%
CenterGarry Unger
27%
DefensemanKevin Shattenkirk
15%
Right WingJoe Mullen
12%

Score Distribution

Percentile by Number Answered

Percent of People with Each Score

Your Score History

You have not taken this quiz